000
00247 a2200085 4500
020
_a
9781864706567
100
_a
Paolo Ceccon
245
_a
Paths, Tracks and Trails: Designing for Pedestrians and Cyclists
260
_b
The Images Publishing Group
_c
2016
999
_c
13291
_d
13291